000 00366nam a2200133Ia 4500
008 240624s9999 xx 000 0 und d
041 _aeng
082 _a658.155 SKI
100 _aSKIPPER HAROLD D
245 _aRISK MANAGEMENT AND INSURANCE PERSPECTIVES IN A
260 _c2009
_aNew Delhi
_bWiley India
300 _axv, : 751 : p. : cm. ; 23
365 _cRS
_b33.33
999 _c15672
_d15672